| 000 | 01264nam a2200325 i 4500 | ||
|---|---|---|---|
| 001 | bg | ||
| 003 | BPK | ||
| 005 | 20190729105049.0 | ||
| 008 | 970510s1991 pl a f f |001 0 pol | ||
| 015 | _aPB 1993/3968 | ||
| 020 | _a8320412269 | ||
| 040 |
_aWA N _cBPK |
||
| 080 | _a621.38/.39 | ||
| 080 | _a 621.3.037.33 | ||
| 080 | _a(075.8) | ||
| 100 | 1 |
_aNiedźwiecki, Miron _eAutor |
|
| 245 | 1 | 0 |
_aNieliniowe elektroniczne układy analogowe / _cMiron Niedźwiecki, Mieczysław Rasiukiewicz. |
| 260 |
_aWarszawa : _bWydawnictwa Naukowo-Techniczne, _c1991. |
||
| 300 |
_a429, [3] s. : _brys., wykr. ; _c24 cm. |
||
| 490 | 1 | _aPodręczniki Akademickie. Elektronika, Informatyka, Telekomunikacja. | |
| 504 | _aBibliogr. przy rozdz. - Indeks. | ||
| 521 | _aDla studentów wydziałów elektroniki, informatyki i telekomunikacji wyższych szkół technicznych. | ||
| 650 | 4 | _aAnalogowy układ elektroniczny | |
| 655 | 4 | _aPodręczniki akademickie | |
| 710 | 2 |
_aWydawnictwa Naukowo-Techniczne _4pbl. |
|
| 700 | 1 |
_aRasiukiewicz, Mieczysław _eAutor |
|
| 856 |
_uhttp://koha.tu.koszalin.pl/cgi-bin/koha/opac-detail.pl?biblionumber=4439 _yKatalog online BPK |
||
| 830 | 0 |
_aPodręczniki Akademickie _pEIT |
|
| 942 |
_2UKD _cKS |
||
| 999 |
_c4439 _d4439 |
||